| 000 | 01016nam a22003017a 4500 | ||
|---|---|---|---|
| 001 | BR8204633 | ||
| 003 | BR-BrBNA | ||
| 005 | 20230928091423.0 | ||
| 007 | ta | ||
| 008 | 230509b bl.||||| |||| 00| 0 por d | ||
| 040 |
_aBR-BrBNA _bpor _cBiblioteca Nacional de Agricultura |
||
| 041 | _a(Por) | ||
| 072 |
_aL32; L36 _b1930 _b/G514 |
||
| 090 | _ 1930 BR8204633 | ||
| 100 | 1 | _aMacedo, F. de A.F. de | |
| 110 | 1 |
_aUniversidade Federal de Minas Gerais, Belo Horizonte (Brasil). Escola de Veterinaria _0Tese (Mestrado) |
|
| 245 | 1 | _aEfeito de quatro datas de vedacao sobre a produtividade e valor nutritivo da Brachiaria decumbens Stapf [forragicultura, Brasil] | |
| 260 | 3 |
_aBelo Horizonte, MG (Brasil): _c1982. |
|
| 300 | _a87 p. | ||
| 500 | _a38 ref.; Summary (Por); 9 tables; 2 illus.; 16 graphs | ||
| 650 | _aNUTRICAO ANIMAL | ||
| 650 | _aFORRAGICULTURA | ||
| 650 | _aCAPIM BRACHIARIA | ||
| 650 | _aVALOR NUTRITIVO | ||
| 650 | _aMATERIA SECA | ||
| 909 |
_a202309 _bLucia _c55 _dLucia Elande |
||
| 942 | _cBK | ||
| 999 |
_c33786 _d33786 |
||